000 00472nam a22001337a 4500
008 160104b xxu||||| |||| 00| 0 eng d
020 _a9783527333707
082 _223
_a621.042
_bULL 2015 V.1
245 _aUllmann's energy
_bresources, processes, products.
_cEditor In Chief Barbara Elvers, Humburg, Germany
260 _aWeinheim:
_bWiley,
_c2015.
300 _axix, 427p.
_bill,
_c24cm.
650 _aPower resources
_vEnergy industries
_xEnergy storage
942 _2ddc
_cBK
999 _c355901
_d355901